| 000 | 00532nam a2200217Ia 4500 | ||
|---|---|---|---|
| 005 | 20240223110011.0 | ||
| 008 | 131103s9999 xx 000 0 und d | ||
| 020 | _cRs.22 | ||
| 040 | _aLoreto College | ||
| 041 | _aEnglish | ||
| 082 |
_a370.954 _bNCE |
||
| 245 | 4 | _aThe Indian Year Book of Education-1961 | |
| 250 | _a1st.year book | ||
| 260 |
_aNew Delhi _bN.C.E.R.T _c1968 |
||
| 300 | _a749p. | ||
| 504 | _aIncludes index | ||
| 650 | _aEducational | ||
| 651 | _aIndia - Educational | ||
| 850 | _aLCLIB | ||
| 942 | _cBK | ||
| 999 |
_c23303 _d73782 |
||